000 00589cam a22002053a 4500
001 40269
003 PGUSA
005 20140828083911.0
008 120718s2012||||xxu|||||s|||||000 | eng d
040 _aPGUSA
_beng
042 _adc
100 1 _aRand, Edward A.
_q(Edward Augustus),
_d1837-1903
245 1 0 _aAt the Black Rocks
_h[electronic resource] /
_cEdward A. Rand
260 _bProject Gutenberg,
_c2012
506 _aPublic domain in the USA.
516 _aElectronic text
830 0 _aProject Gutenberg
_v40269
856 4 0 _uhttp://www.gutenberg.org/ebooks/40269
942 _cEB
999 _c269522
_d269522